Una donna tutta sola : romanzo /

Kaydedildi:
Detaylı Bibliyografya
Yazar: De Chellis Hill, Carol (Yazar)
Diğer Yazarlar: Mazursky, Paul
Materyal Türü: Kitap
Dil:İtalyanca
Baskı/Yayın Bilgisi: Milano : Club degli editori, stampa 1978
Etiketler: Etiketle
Etiket eklenmemiş, İlk siz ekleyin!

MARC

LEADER 00000nam a22000007i 4500
001 IT\ICCU\RAV\0158375
003 ItRI
005 20260115232239.0
008 911001s1978 it |||||| ||||| |||||c
040 |b ita  |c importazione bologna sebina 
041 7 |a ita  |2 ISO-639-2 
082 |a 813.54  |9 Letteratura americana in inglese. Narrativa. 1945-  |2 20 
100 1 |a De Chellis Hill, Carol  |0 IT\ICCU\RAVV\044693  |4 aut 
240 1 3 |a An Unmarried Woman. -  |3 IT\ICCU\RAV\0107436  |9 Hill, Carol De Chellis 
245 1 4 |a Una donna tutta sola :  |b romanzo /  |c di Carol De Chellis Hill ; basato su una sceneggiatura di Paul Mazursky. 
260 |a Milano :  |b Club degli editori,  |c stampa 1978 
300 |a 179 p., [4! c. di tav. :  |b ill. ;  |c 22 cm. 
700 1 |a Mazursky, Paul  |0 IT\ICCU\RAVV\044694 
942 |2 ddc  |c BK  |n 0 
952 |0 0  |1 0  |4 0  |6 L_813_000000000000000_HIL  |7 0  |9 22840  |a BO  |b BO  |d 2026-01-15  |i 456  |l 0  |o L 813 HIL  |p BO456  |r 2026-01-15 23:22:39  |w 2026-01-15  |x [Sebina 7] [1 v.]  |y BK  |z 1 v. 
999 |c 19496  |d 19496